Générique Denver, le dernier dinosaure - Paroles - Statistiques

Statistiques générales
  • Ce quiz a été pris 270 fois
  • Le résultat moyen est 13 sur 17
Statistiques - réponses
Paroles % Correct
Denver, le {dernier} {dinosaure}
97%
Denver, le {dernier} {dinosaure}
95%
C'est {mon} {ami} et bien plus encore
90%
Denver, le {dernier} {dinosaure}
87%
Un, deux, trois, {quatre} !
86%
Denver, le {dernier} {dinosaure}
82%
Denver, le {dernier} {dinosaure}
82%
C'est {mon} {ami} et bien plus encore
79%
De se trouver {nez}-{à}-{nez} avec un grand dino
72%
Partout où nous allons, {les} {gens} sont sidérés
70%
Vient {d}'{un} {monde} jamais vu encore
65%
C'est le plus gentil de tous les {animaux}
64%
Il met dans notre vie, un peu plus {de} {bonheur}
63%
Vient {d}'{un} {monde} jamais vu encore
63%
Vient {d}'{un} {monde} jamais vu encore
62%
Venu de la torride et ancienne {jungle}
59%
Depuis la nuit des temps jusque sous {les} {projecteurs}
54%
Aucun quiz correspondant
Distribution des résultats
% des personnes avec chaque résultat
Percentile par nombre de réponses
Votre historique - résultats
Vous n’avez pas pris ce quiz